Index znalostnej ekonomiky v agregátnom skóre jej pilierov
Celkový trend ekonomického rozvoja smerom k znalostnej ekonomike. Autor príspevku uvádza prehľad najnovších metodík ohodnotenia inovačnej aktivity v rozsahu ekonomiky štátu a poukazuje na súčasné smery znalostnej ekonomiky. Európsky inovačný scoreboard (EIS), zavedený na lisabonskom koncile (2000),...
Salvato in:
| Autore principale: | |
|---|---|
| Natura: | Capitolo di libro |
| Lingua: | slovacco |
| Soggetti: | |
| Tags: |
Nessun Tag, puoi essere il primo ad aggiungerne!!
|
MARC
| LEADER | 00000naa$a2200000$$$4500 | ||
|---|---|---|---|
| 001 | 0041942 | ||
| 005 | 20240502071512.9 | ||
| 041 | 0 | |a slo | |
| 044 | |a SK | ||
| 245 | 1 | 0 | |a Index znalostnej ekonomiky v agregátnom skóre jej pilierov |c Fedor Svatý |
| 520 | |a Celkový trend ekonomického rozvoja smerom k znalostnej ekonomike. Autor príspevku uvádza prehľad najnovších metodík ohodnotenia inovačnej aktivity v rozsahu ekonomiky štátu a poukazuje na súčasné smery znalostnej ekonomiky. Európsky inovačný scoreboard (EIS), zavedený na lisabonskom koncile (2000), sa stáva centrálnym a najprehľadnejším prostriedkom trendového prehľadu, poskytuje prehľad o inovačnej výkonnosti EÚ. Výkonnosť EÚ v inováciách ostáva značne slabšia ako v USA (2004). Innobarometer - urýchlený prieskumný test aktuálnej situácie, sústredený na oblasť podnikových inovácií. Spôsob hodnotenie inovácií metodikou WBI. | ||
| 610 | 2 | 0 | |a ekonomika vedomostná |
| 610 | 2 | 0 | |a inovácia |
| 610 | 2 | 0 | |a efektívnosť inovácií |
| 610 | 2 | 0 | |a transfer inovácií |
| 610 | 2 | 0 | |a ukazovatele |
| 610 | 2 | 0 | |a indexy |
| 610 | 2 | 0 | |a metodológia |
| 100 | 1 | |a Svatý, Fedor | |